Statystyki dla Polscy Raperzy po Tytule Piosenki

Kliknij tutaj aby rozwiązać quiz!

Ogólne statystyki

  • Ten quiz został rozwiązany 36 443 razy
  • Średni wynik to 15 z 22

Statystyki odpowiedzi

Tytuł PiosenkiRaper% Poprawnych
Język CiałaTymek
95%
CaliforniaWhite 2115
92%
UAReTo
86%
Robię YeahMalik Montana K Koke
85%
Half deadQuebonafide ReTo
84%
8 KobietTACONAFIDE
81%
Sorry DoloresReTo Quebonafide
80%
MademoiselleBLACHA
79%
Płuca Zlepione TopamiGuzior
76%
WikingSarius
73%
MówiłaśYoung Igi
73%
TrapolloŻabson
73%
WIFIGuzior
68%
NostalgiaTaco Hemingway
67%
NinjaGuzior Szpaku
66%
UFOSzpaku
64%
BraciszkuBLACHA Bedoes
57%
MówiliMalik Montana
55%
kwitchillwagon
54%
BólDeemz Białas Szpaku
46%
Lavender TownSzpaku
44%
AHAOtsochodzi Pezet
39%

Rozkład punktacji

Percentyl według liczby udzielonych odpowiedzi

Procent ludzi z każdym wynikiem

Twoja historia wyników

Nie rozwiązałeś tego quizu